| 000 | 00542nam a22001697a 4500 | ||
|---|---|---|---|
| 005 | 20251108173546.0 | ||
| 008 | 250721s2001 xx 000 0 eng d | ||
| 082 | 1 | 4 | _aR/346.048003/ GHA |
| 100 | 1 | _aabu ghazaleh, talal | |
| 245 | 1 | 0 | _aIntellectual Property Dictionary English - arabic / |
| 246 | 1 | 1 | _aمعجم الملكية الفكرية إنجليزي عربي |
| 264 | 1 |
_aamman : _bNational Library Department, _c2001. |
|
| 650 | 1 | 7 | _aDICTIONARIES |
| 650 | 1 | 7 | _aRIGHT OF INTELLECTUAL PROPERTY |
| 942 |
_2ddc _cREF |
||
| 999 |
_c106801 _d106801 |
||